|
|
|
|
| LEADER |
00936nam a22002537a 4500 |
| 001 |
29655 |
| 003 |
BD-DhAAL |
| 005 |
20170411130445.0 |
| 008 |
150806s2014 enk||||| |||| 00| 0 eng d |
| 999 |
|
|
|c 35162
|d 35162
|
| 020 |
|
|
|a 9781447907152
|
| 020 |
|
|
|a 9781447907176
|
| 040 |
|
|
|a BD-DhAAL
|c BD-DhAAL
|
| 082 |
|
|
|2 22
|a 428.24076
|
| 100 |
|
|
|a Burgess, Sally
|9 13559
|
| 245 |
|
|
|a Gold first : exam maximiser with key /
|c Sally Burgess, Jacky Newbrook
|
| 260 |
|
|
|a Harlow :
|b Pearson Longman,
|c 2014
|
| 300 |
|
|
|a 159 p. :
|b ill. ;
|c 28 cm.
|
| 541 |
|
|
|e 29655
|
| 650 |
|
|
|a English language
|x Textbooks for foreign speakers.
|9 11684
|
| 700 |
|
|
|a Newbrook, Jacky
|9 13560
|
| 852 |
|
|
|a Ayesha Abed Library
|c General Stacks
|
| 942 |
|
|
|2 ddc
|c BK
|
| 952 |
|
|
|0 0
|1 0
|2 ddc
|4 0
|5 1
|6 428_240760000000000_BUR
|7 0
|9 55128
|a BRACUL
|b BRACUL
|c GEN
|d 2015-08-06
|e BRAC Institute of Language (BIL)
|l 2
|m 3
|o 428.24076 BUR
|p 3010029655
|r 2017-04-11
|s 2015-08-06
|t 1
|w 2015-08-06
|y BK
|